000 00351nam a2200145Ia 4500
008 230917s9999||||xx |||||||||||||| ||und||
040 _e128491
_aMAIN
041 _aEnglish
082 _a320.954 N231I
100 _aNayar, Kuldip
245 0 _aIndia after Nehru
260 _aDelhi
_bVikas Publishing House
_c1975
300 _a290 p.
942 _cBK
999 _c139811
_d139811